Pekeliling-pekeliling mengenai pembaharuan dalam perkhidmatan awam Malaysia (1991-1996) / (Record no. 1969)

000 -LEADER
fixed length control field nam a22 a 4500
003 - CONTROL NUMBER IDENTIFIER
control field AKMAL
005 - DATE AND TIME OF LATEST TRANSACTION
control field 20170512155406.0
008 - FIXED-LENGTH DATA ELEMENTS--GENERAL INFORMATION
fixed length control field 170512s1996 my 00 may d
020 ## - INTERNATIONAL STANDARD BOOK NUMBER
Terms of availability Edaran terhad
040 ## - CATALOGING SOURCE
Original cataloging agency AKMAL
082 04 - DEWEY DECIMAL CLASSIFICATION NUMBER
Classification number 354.595 AHM
090 ## - LOCALLY ASSIGNED LC-TYPE CALL NUMBER (OCLC); LOCAL CALL NUMBER (RLIN)
Classification number (OCLC) (R) ; Classification number, CALL (RLIN) (NR) 354.595
Local cutter number (OCLC) ; Book number/undivided call number, CALL (RLIN) AHM
100 ## - MAIN ENTRY--PERSONAL NAME
Personal name Ahmad Sarji Abdul Hamid,
Titles and words associated with a name Tan Sri Dato' Seri,
Dates associated with a name 1938-
9 (RLIN) 508
245 10 - TITLE STATEMENT
Title Pekeliling-pekeliling mengenai pembaharuan dalam perkhidmatan awam Malaysia (1991-1996) /
Statement of responsibility, etc. dikeluarkan oleh: Tan Sri Dato' Ahmad Sarji bin Abdul Hamid, Ketua Setiausaha Negara
260 ## - PUBLICATION, DISTRIBUTION, ETC.
Place of publication, distribution, etc. Kuala Lumpur :
Name of publisher, distributor, etc. Jabatan Perdana Menteri,
Date of publication, distribution, etc. 1996
300 ## - PHYSICAL DESCRIPTION
Dimensions cm
500 ## - GENERAL NOTE
General note Juga diterbitkan dalam bahasa Inggeris
650 ## - SUBJECT ADDED ENTRY--TOPICAL TERM
Topical term or geographic name entry element Public administration
Geographic subdivision Malaysia
9 (RLIN) 419
650 ## - SUBJECT ADDED ENTRY--TOPICAL TERM
Topical term or geographic name entry element Civil service
Geographic subdivision Malaysia
9 (RLIN) 420
942 ## - ADDED ENTRY ELEMENTS (KOHA)
Source of classification or shelving scheme
Koha item type Book
Holdings
Withdrawn status Lost status Source of classification or shelving scheme Damaged status Not for loan Collection code Home library Current library Shelving location Date acquired Inventory number Total Checkouts Full call number Barcode Date last seen Price effective from Koha item type
          NON-FICTION AKMAL Melaka AKMAL Melaka PINJAMAN 12.05.2017 002441   354.595 AHM 201706222 12.05.2017 12.05.2017 Book
Pusat Sumber Maklumat Dato' Haji Sarmin Md Hussin, Akademi Kastam Diraja Malaysia, Melaka
Tel: 06-2331106 | Faks: 06-2313787